El peso del rocío : (Registro nro. 15205)

Detalles MARC
000 -CABECERA
campo de control de longitud fija 02594nam a2200349 a 4500
001 - NÚMERO DE CONTROL
campo de control 000042739
003 - IDENTIFICADOR DEL NÚMERO DE CONTROL
campo de control DO-SdBPM
005 - FECHA Y HORA DE LA ÚLTIMA TRANSACCIÓN
campo de control 20250624120804.0
007 - CAMPO FIJO DE DESCRIPCIÓN FÍSICA--INFORMACIÓN GENERAL
campo de control de longitud fija ta
008 - DATOS DE LONGITUD FIJA--INFORMACIÓN GENERAL
campo de control de longitud fija 140206s 2011 dr 000 j spa d
020 ## - NÚMERO INTERNACIONAL ESTÁNDAR DEL LIBRO
Número Internacional Estándar del Libro 9789945475029
040 ## - FUENTE DE LA CATALOGACIÓN
Centro catalogador/agencia de origen DO-SdBPM
Lengua de catalogación spa
Centro/agencia transcriptor BPMSU
Centro/agencia modificador rda
082 #4 - NÚMERO DE LA CLASIFICACIÓN DECIMAL DEWEY
Número de clasificación RD863.4408
Número de documento/Ítem H557p 2011
Número de edición 22
100 1# - ENTRADA PRINCIPAL--NOMBRE DE PERSONA
Nombre de persona Hernández, Ángela,
Fechas asociadas al nombre 1954-
Término indicativo de función/relación autora
Código de función/relación aut
100 z# - ENTRADA PRINCIPAL--NOMBRE DE PERSONA
Nombre de persona Hernández Núñez, Angela
100 z# - ENTRADA PRINCIPAL--NOMBRE DE PERSONA
Nombre de persona Núñez, Angela Hernández
245 13 - MENCIÓN DE TÍTULO
Título El peso del rocío :
Resto del título cuentos reunidos /
Mención de responsabilidad, etc. Ángela Hernández Núñez.
260 ## - PUBLICACIÓN, DISTRIBUCIÓN, ETC.
Fecha de publicación, distribución, etc.
264 ## - PRODUCCIÓN, PUBLICACIÓN, DISTRIBUCIÓN, FABRICACIÓN Y COPYRIGHT
Producción, publicación, distribución, fabricación y copyright Santo Domingo :
Nombre del de productor, editor, distribuidor, fabricante Ediciones Ferilibro,
Fecha de producción, publicación, distribución, fabricación o copyright 2011
300 ## - DESCRIPCIÓN FÍSICA
Extensión 394 páginas. ;
Dimensiones 23 cm.
336 ## - TIPO DE CONTENIDO
Término de tipo de contenido texto
Código de tipo de contenido txt
Fuente rdacontent
337 ## - TIPO DE MEDIO
Nombre/término del tipo de medio sin mediación
Código del tipo de medio n
Fuente rdamedia
338 ## - TIPO DE SOPORTE
Nombre/término del tipo de soporte volumen
Código del tipo de soporte nc
Fuente rdacarrier
500 ## - NOTA GENERAL
Nota general Incluye datos biográficos de la autora en las solapas
505 0# - NOTA DE CONTENIDO CON FORMATO
Nota de contenido con formato Una brecha en el agua / Danilo Manera, 11.-- Los relatos alotrópicos de Ángela Hernández / Ester Gimbernat González, 17.-- Alótropos. Alótropos, 23.-- Cómo recoger la sombra de las flores, 39.-- El cuadro, 55.-- Amo tres hombres, 61.-- Más allá, 69.-- El mejor, 73.-- Los fantasmas prefieren la luz del día, 81.-- El suegro, 97.-- Alí Samán, 101.-- Paradoja en los andenes, 107.-- Teresa Irene, 111.-- La fotografía quemada, 121.-- El encuentro, 127.-- La alegría, 131.-- Masticar una rosa. Masticar una rosa, 137.-- Olef Milló, 145.-- ¿Has visto la luna?, 169.-- El cuerpo límite, 177.-- Lugares comunes, 183.-- Telegrama, 191.-- Estaciones, 195.-- Ojos aguados, 201.-- Cálidamente, suya, 207.-- El acuerdo, 225.-- La abuela poética, 231.-- Piedra de sacrificio. La cualidad de la nostalgia, 243.-- Una gota de sangre, 251.-- Dálmata, 255.-- Los Olaxis, 261.-- Estancia fuga, 271.-- Cúmulo nimbo, 279.-- Vera efigies, 289.-- El paso estrecho, 293.-- Monólogo de Lumas, 297.-- Leve aluvión, 303.-- Arrecifes, 309.-- Abura, 313.-- Meisó, 323.-- Cuentos casi extraños. Un hombre muy parecido a un fugaz pensamiento, 341.-- Maguey y manzanas verdes, 343.-- Los mercaderes del amor, 349.-- El aura de la aprendiza, 351.-- Umbral de milenio, 357.-- Anexos. De comparecer se trata, 367.-- Antologías que incluyen cuentos de Ángela Hernández. Otras publicaciones, 379.-- Comentarios críticos, 385.
Título
--
--
590 ## - NOTA LOCAL (RLIN)
Nota local Inventariado, 2025 /VM
650 #7 - PUNTO DE ACCESO ADICIONAL DE MATERIA--TÉRMINO DE MATERIA
Término de materia o nombre geográfico como elemento de entrada Cuentos dominicanos
Subdivisión general Colecciones
650 #7 - PUNTO DE ACCESO ADICIONAL DE MATERIA--TÉRMINO DE MATERIA
Término de materia o nombre geográfico como elemento de entrada Literatura dominicana
Subdivisión general Colecciones
710 2# - PUNTO DE ACCESO ADICIONAL--NOMBRE DE ENTIDAD CORPORATIVA
Nombre de entidad corporativa o nombre de jurisdicción como elemento de entrada República Dominicana.
Unidad subordinada Dirección General de la Feria del Libro.
910 ## - DATOS DE OPCIÓN DEL USUARIO (OCLC)
Datos de opción del usuario VMateo V. Control de calidad. BPMSU
942 ## - ELEMENTOS DE PUNTO DE ACCESO ADICIONAL (KOHA)
Fuente del sistema de clasificación o colocación Dewey Decimal Classification
Tipo de ítem Koha Libros
Existencias
Estado de retiro Estado de pérdida Fuente del sistema de clasificación o colocación No para préstamo Código de colección Localización permanente Ubicación/localización actual Fecha de adquisición Total de préstamos Signatura topográfica completa Código de barras Fecha visto por última vez Precio válido a partir de Tipo de ítem Koha
    Dewey Decimal Classification   Colección Dominicana Biblioteca Pública Metropolitana Salomé Ureña Biblioteca Pública Metropolitana Salomé Ureña 06/24/2025   BPMSU CD RD863.4408 H557p 2011 BPMSU25060100 06/24/2025 06/24/2025 Libros